000 00324nam a22001097a 4500
008 150521b xxu||||| |||| 00| 0 eng d
020 _a080535580
041 0 _aeng
080 _a618.2
245 1 0 _aMaternal-newborn nursing :
_cSally B. Olds, Marcia L. London, Patricia A. Ladewig.
942 _2udc
_cBK
999 _c880
_d880